Human bioclimatological evaluation with objective and subjective approaches on the thermal conditions of a square in the centre of Szeged

Összefoglalás - A vizsgálat egy szegedi belvárosi tér humán bioklimatológiai értékelését tűzte ki célul. 2006 nyarának végén (augusztus 17, 22, szeptember 12) az Aradi vértanúk terén felállított mikrometeorológiai állomás segítségével mértük az emberek termikus komfortérzetét befolyásoló meteorológi...

Teljes leírás

Elmentve itt :
Bibliográfiai részletek
Szerzők: Kántor Noémi
Unger János
Gulyás Ágnes
Dokumentumtípus: Cikk
Megjelent: 2007
Sorozat:Acta climatologica 40-41
Kulcsszavak:Bioklimatológia
Tárgyszavak:
Online Access:http://acta.bibl.u-szeged.hu/16900
LEADER 02618nab a2200241 i 4500
001 acta16900
005 20220510134609.0
008 161015s2007 hu o 0|| eng d
022 |a 0563-0614 
040 |a SZTE Egyetemi Kiadványok Repozitórium  |b hun 
041 |a eng 
100 1 |a Kántor Noémi 
245 1 0 |a Human bioclimatological evaluation with objective and subjective approaches on the thermal conditions of a square in the centre of Szeged  |h [elektronikus dokumentum] /  |c  Kántor Noémi 
260 |c 2007 
300 |a 47-58 
490 0 |a Acta climatologica  |v 40-41 
520 3 |a Összefoglalás - A vizsgálat egy szegedi belvárosi tér humán bioklimatológiai értékelését tűzte ki célul. 2006 nyarának végén (augusztus 17, 22, szeptember 12) az Aradi vértanúk terén felállított mikrometeorológiai állomás segítségével mértük az emberek termikus komfortérzetét befolyásoló meteorológiai tényezőket, melyekből azután a RayMan modell segítségével termikus indexeket számítottunk. A kapott eredményeket összevetettük a mérésekkel egyidejűleg, kérdőívek felhasználásával nyert információkkal, melyek a területen tartózkodó emberek szubjektív véleményét tükrözik, hogy meghatározhassuk az emberek szabadtéri tartózkodását és termikus komfortérzetét leginkább befolyásoló tényezőket. Eredményeinket összevetettük a hasonló körülmények között végzett svéd és japán vizsgálatok eredményeivel. Summary - The aim of the present study was the human bioclimatological assessment of a square in the centre of Szeged. We measured the meteorological factors influencing people's thermal comfort level on the Aradi square at the end of the summer of 2006 (17th , 22nd August, 12,h September) with the help of a micro-meteorological station. Using these observational data we calculated the thermal indices with the RayMan model. We compared these (objective) results with the information derived from simultaneously filled questionnaires. that reflected the subjective opinion of the people staying in the area, in order to determine the factors, which most likely influence the people's outdoor staying and sensation of thermal comfort. Our results were compared with results of Swedish and Japanese investigations with similar conditions. 
650 4 |a Természettudományok 
650 4 |a Föld- és kapcsolódó környezettudományok 
695 |a Bioklimatológia 
700 0 1 |a Unger János  |e aut 
700 0 1 |a Gulyás Ágnes  |e aut 
856 4 0 |u http://acta.bibl.u-szeged.hu/16900/1/climatologica_040_041_047-058.pdf  |z Dokumentum-elérés